02118nam a2200301 u 4500001000800000005001700008007001000025008004100035035001200076040001300088041000800101080000800109100004200117245012800159260004300287300001700330520113900347650003001486650002101516650003501537700005701572700005301629856008201682942001301764999001901777502001201796526000801808142763820240129080854.0cr|||||||151121s2014 spa  a1427638 ccomduadb aspa aPIN10aPetro Sotelo, Naime4auteaut968585310aActualización, monitoreo y evaluación de la matriz de riesgo del Grupo Malco Logística en Comercio Exterior 2013-2014 aMedellín :b[sin publicador],c2014. a29 páginas3 aLa determinación de los nuevos riesgos del Grupo Malco, implica conocer todas las áreas de la empresa, además como no se tienen registros de la falla, el análisis se debe realizar de la mano de los expertos, que para este caso son los jefes de las áreas del Grupo Malco, entonces por medio de esta información se determinan las fallas en el sistema, cuáles son las de mayor impacto económico y las que le pueden generar deterioro de su imagen, igualmente se deben determinar los riesgos con mayor severidad y ocurrencia, el área de mayor riesgo para la compañía y todo tipo de amenaza que impida el buen funcionamiento de la empresa. Dichas fallas es posible identificarlas, a través de un análisis de confiabilidad, apoyándose en herramientas como: el Análisis de Efectos de Fallas, Árbol de Función, Paretos, y escalas de calor. Una vez obtenidos los resultados necesarios, se procede a implementar las medidas de tratamientos, monitoreo y prevención de los riesgos, con el fin de mitigarlos e implementar las políticas necesarias para el manejo de los riesgos más peligrosos del Grupo Malco. aDiagrama de Pareto979158 aMonitoreo921594 7aComercio exterior2lemb96829410aPatiño Rodríguez, Carmen Elena4thseths954044410aGaviria Giraldo, Mario Alberto4edteedt93003644 uhttps://drive.google.com/file/d/0BwecnWVz7HZoTzhHYXhLNWFaTFk/view?usp=sharing cTESISn0 c725321d725321 b174c17 a176